| 000 | 00470nam a22001817a 4500 | ||
|---|---|---|---|
| 003 | CEME | ||
| 005 | 20210628210405.0 | ||
| 008 | 210216b xxu||||| |||| 00| 0 eng d | ||
| 020 | _a969-496-003-3 | ||
| 040 | _c. | ||
| 082 | _a923.1 ARI | ||
| 100 |
_aK.M. Arif.Gen Lt Col Ghulam Jillani _979184 |
||
| 245 | _aZia ul haq kay hamra | ||
| 260 |
_aISLAMABAD _bDOST _c1996 |
||
| 300 | _a600P | ||
| 650 |
_aPAKISTAN-HISTORY BIOGRAPHY-ZIA UL HAQ _979185 |
||
| 942 |
_cBK _2ddc |
||
| 999 |
_c584246 _d584246 |
||